000 01255nam a22002295i 4500
001 48790
003 ES-MaACL
007 t|
008 950731q1879 fr ||||1| fre d
040 _aCAM
_bspa
_cCAM
100 1 _aDiderot, Denis,
_d1713-1784
_944511
245 1 0 _aChefs-d'oeuvre de Diderot /
_cavec préface, notices et notes... par Louis Asseline et André Lefèvre.
260 _aParis :
_bC. Marpon & E. Flammarion :
_bE. Picard,
_c[1879?] (
_fCh. Noblet)
300 _a2 t. en 1 v. ;
_c18 cm.
500 _aEn el prólogo del tomo 2, pie de imprenta con fecha 1879.
500 _aSegún la propaganda editorial, la obra consta de 4 vols.
505 8 _aContiene: V. 1. Entretien d'un père avec ses enfants ; Le neveu de Rameau ; Ceci n'est pas un conte ; Regrets sur ma vieille robe de chambre ; Les deux amis de Bourbonne ; Eloge de Richardson ; Réflexions sur Terence -- V. 2. Pensées philosophiques ; Entretien d'un philosophe avec la Maréchale de *** ; La promenade du sceptique ; Supplément au voyage de Bougainville ; Entretien entre D'Alembert et Diderot. Le rêve de d'Alembert.
700 1 _aAsseline, Louis.
_923652
700 1 _aLefèvre, André.
_971236
852 _aES-MaACL
_jG-2016
999 _c48790
_d48790